000
00277nam a2200121Ia 4500
008
241002s9999 xx 000 0 und d
082
_a
947.47312 ALT
100
_a
Altaf, Husain
245
2
_a
A fortnight moscow
260
_a
Karachi:
_c
1952
600
_a
History
942
_c
UC
999
_c
18929
_d
18929